01163nac a22002891u 4500010001600000020002800016082002200044090001500066100003400081245013500115260004700250300002900297440002500326500002600351504004100377511002600418650004100444650002600485651005600511651004500567651004700612700002100659700002800680942002400708999001500732952012600747 a 96012883 a3540607099 (alk. paper)00a338.90091724bAHI c5403d5403 aAhlburg, Dennis A. 14aThe impact of population growth on well-being in developing countries /cDennis A Ahlburg, Allen C. Kelley, Karen Oppenheim Mason. aBerlin ;aNew York :bSpringer,1996c1996. a360 p. :bill. ;c24 cm. 0aPopulation economics adistributer: Al-Ahram aIncludes bibliographical references. acatalogued by: wessam 0aBirth controlzDeveloping countries. 0aEconomic development. 0aDeveloping countriesxPopulationxEconomic aspects. 0aDeveloping countriesxPopulation policy. 0aDeveloping countriesxEconomic conditions.1 aKelley, Allen C.1 aMason, Karen Oppenheim. cBBk338.90091724AHI c5403d5403 00104070aMAINbMAINc1STd2007-10-25ePurchasel8m16o338.90091724AHIp000006647r2025-07-15 00:00:00s2019-04-15yBB